<?xml version='1.0' encoding='UTF-8'?>
  <record xmlns="http://www.loc.gov/MARC21/slim">
    <leader>00000cam a22000007i 4500</leader>
    <controlfield tag="001">ocm43092864</controlfield>
    <controlfield tag="003">OCoLC</controlfield>
    <controlfield tag="005">20250923015933.5</controlfield>
    <controlfield tag="008">970702m15831584gw a          001 0 lat d</controlfield>
    <datafield tag="040" ind1=" " ind2=" ">
      <subfield code="a">EQO</subfield>
      <subfield code="b">eng</subfield>
      <subfield code="e">rda</subfield>
      <subfield code="e">dcrmr</subfield>
      <subfield code="c">EQO</subfield>
      <subfield code="d">OCLCG</subfield>
      <subfield code="d">OCLCF</subfield>
      <subfield code="d">OCLCQ</subfield>
      <subfield code="d">OCLCO</subfield>
      <subfield code="d">QGJ</subfield>
      <subfield code="d">OCLCO</subfield>
      <subfield code="d">OCLCL</subfield>
      <subfield code="d">OCLCQ</subfield>
      <subfield code="d">OCLCL</subfield>
      <subfield code="d">OCLCO</subfield>
    </datafield>
    <datafield tag="035" ind1=" " ind2=" ">
      <subfield code="a">(OCoLC)43092864</subfield>
    </datafield>
    <datafield tag="043" ind1=" " ind2=" ">
      <subfield code="a">e-gx---</subfield>
    </datafield>
    <datafield tag="245" ind1="0" ind2="0">
      <subfield code="a">Illustrium veterum scriptorum, qui rerum a Germanis per multas aetates gestarum historias vel annales posteris reliquerunt,.</subfield>
      <subfield code="n">Tomus unus [-alter] ... /</subfield>
      <subfield code="c">ex bibliotheca Joannis Pistorii Nidani D. ... cum indice locupletissimo.</subfield>
    </datafield>
    <datafield tag="246" ind1="3" ind2=" ">
      <subfield code="a">Illvstrivm vetervm scriptorvm qvi rervm a Germanis per mvltas aetates gestarvm historias vel annales posteris reliqverunt tomus unus .. [-alter]</subfield>
    </datafield>
    <datafield tag="264" ind1=" " ind2="1">
      <subfield code="a">Francofurti :</subfield>
      <subfield code="b">Apud haeredes Andreae Wecheli,</subfield>
      <subfield code="c">anno MDLXXXIII-MDLXXXIIII. [1583-1584]</subfield>
    </datafield>
    <datafield tag="300" ind1=" " ind2=" ">
      <subfield code="a">2 volumes ([12], 960 pages, leaves 961-963, [1] leaf, [96] pages; [8], 579 pages; 90 leaves; pages 91-114, 321, [65] pages) :</subfield>
      <subfield code="b">illustrations ;</subfield>
      <subfield code="c">32 cm (folio)</subfield>
    </datafield>
    <datafield tag="336" ind1=" " ind2=" ">
      <subfield code="a">text</subfield>
      <subfield code="b">txt</subfield>
      <subfield code="2">rdacontent</subfield>
    </datafield>
    <datafield tag="337" ind1=" " ind2=" ">
      <subfield code="a">unmediated</subfield>
      <subfield code="b">n</subfield>
      <subfield code="2">rdamedia</subfield>
    </datafield>
    <datafield tag="338" ind1=" " ind2=" ">
      <subfield code="a">volume</subfield>
      <subfield code="b">nc</subfield>
      <subfield code="2">rdacarrier</subfield>
    </datafield>
    <datafield tag="340" ind1=" " ind2=" ">
      <subfield code="m">folio</subfield>
      <subfield code="2">rdabf</subfield>
    </datafield>
    <datafield tag="500" ind1=" " ind2=" ">
      <subfield code="a">Volume 2 titled: Germanicorum scriptorum, qui rerum a Germanis per multas aetates gestarum historias vel annales posteris reliquerunt.</subfield>
    </datafield>
    <datafield tag="500" ind1=" " ind2=" ">
      <subfield code="a">Tomus alter printed in 1584.</subfield>
    </datafield>
    <datafield tag="500" ind1=" " ind2=" ">
      <subfield code="a">Printer's devices on title pages and on last page of vol. 1.</subfield>
    </datafield>
    <datafield tag="500" ind1=" " ind2=" ">
      <subfield code="a">Includes index.</subfield>
    </datafield>
    <datafield tag="510" ind1="4" ind2=" ">
      <subfield code="a">Verzeichnis der im deutschen Sprachbereich erschienenen Drucke des 16. Jahrhunderts (VD 16),</subfield>
      <subfield code="c">ZV 12517</subfield>
    </datafield>
    <datafield tag="500" ind1=" " ind2=" ">
      <subfield code="a">Signatures: vol. 1: )(⁶ a-z⁶ A-Z⁶ Aa-Zz⁶ Aaa-Lll⁶ Mmm⁴ Nnn⁸ Ooo-Sss⁶ Ttt⁴ Vuu⁶. Vol. 2: [cross]⁴ a-z⁶ 2a⁸ A⁸ B-R⁶ ²a-²2a⁶ 2b-2i⁶.</subfield>
    </datafield>
    <datafield tag="505" ind1="0" ind2=" ">
      <subfield code="a">Tomus unus: In quo Reginonem, Herm. Contractum, Lamb. Schafnaburgensem, Marianum Scotum, Sigebertum, &amp; Sifridum, (quorum quidam è manuscriptis codicibus sunt correcti) sex iam primùm accesserunt, antea nunquam impressi libelli. --  Tomus alter: Quo contine[n]tur Gotefridi Viterbie[n]sis Pantheon, Werneri Rolewinkii Fasciculus temporum, &amp; H. Mutii Chronica. Ad hos scriptores, magna diligentia recognitos, accessit nunc recens secundi Appendix, nunquam antehac in lucem edita.</subfield>
    </datafield>
    <datafield tag="651" ind1=" " ind2="0">
      <subfield code="a">Germany</subfield>
      <subfield code="x">History</subfield>
      <subfield code="v">Early works to 1800.</subfield>
    </datafield>
    <datafield tag="651" ind1=" " ind2="6">
      <subfield code="a">Allemagne</subfield>
      <subfield code="x">Histoire</subfield>
      <subfield code="v">Ouvrages avant 1800.</subfield>
    </datafield>
    <datafield tag="651" ind1=" " ind2="7">
      <subfield code="a">Germany</subfield>
      <subfield code="2">fast</subfield>
      <subfield code="1">https://id.oclc.org/worldcat/entity/E39PBJtCD3rcKcPDx6FHmjvrbd</subfield>
    </datafield>
    <datafield tag="655" ind1=" " ind2="7">
      <subfield code="a">Early works</subfield>
      <subfield code="2">fast</subfield>
    </datafield>
    <datafield tag="655" ind1=" " ind2="7">
      <subfield code="a">History</subfield>
      <subfield code="2">fast</subfield>
    </datafield>
    <datafield tag="700" ind1="1" ind2=" ">
      <subfield code="a">Pistorius, Johann,</subfield>
      <subfield code="d">1546-1608,</subfield>
      <subfield code="e">editor.</subfield>
      <subfield code="e">dt.</subfield>
      <subfield code="1">https://id.oclc.org/worldcat/entity/E39PBJktp7w9fqrgMxqXMYg3Qq</subfield>
    </datafield>
    <datafield tag="700" ind1="1" ind2=" ">
      <subfield code="a">Marne, Claude de,</subfield>
      <subfield code="d">-1610,</subfield>
      <subfield code="e">printer.</subfield>
      <subfield code="4">prt</subfield>
      <subfield code="1">https://id.oclc.org/worldcat/entity/E39PBJgCF7dC3w63TYcGFrycfq</subfield>
    </datafield>
    <datafield tag="700" ind1="1" ind2=" ">
      <subfield code="a">Aubry, Jean,</subfield>
      <subfield code="d">-1600 or 1601,</subfield>
      <subfield code="e">author.</subfield>
      <subfield code="4">aut</subfield>
      <subfield code="1">https://id.oclc.org/worldcat/entity/E39PBJk94bkpDxH36Vq3TDGj4q</subfield>
    </datafield>
    <datafield tag="700" ind1="1" ind2=" ">
      <subfield code="a">Leiningen-Westerburg, Philip,</subfield>
      <subfield code="d">1527-1597,</subfield>
      <subfield code="e">dedicatee.</subfield>
      <subfield code="4">dte</subfield>
    </datafield>
    <datafield tag="700" ind1="1" ind2=" ">
      <subfield code="a">Leiningen-Westerburg, Ludwig,</subfield>
      <subfield code="d">1557-1622,</subfield>
      <subfield code="e">dedicatee.</subfield>
      <subfield code="4">dte</subfield>
    </datafield>
    <datafield tag="710" ind1="2" ind2=" ">
      <subfield code="a">Andreae Wecheli Heredes,</subfield>
      <subfield code="e">printer.</subfield>
      <subfield code="e">prt.</subfield>
      <subfield code="1">https://id.oclc.org/worldcat/entity/E39QQPVp7MxhQwwfMQDRdJrGgg</subfield>
    </datafield>
    <datafield tag="740" ind1="0" ind2=" ">
      <subfield code="a">Germanicorum scriptorum, qui rerum a Germanis per multas aetates gestarum historias vel annales posteris reliquerunt.</subfield>
    </datafield>
    <datafield tag="740" ind1="0" ind2=" ">
      <subfield code="a">Germanicorvm scriptorvm, qvi rervm a Germanis per multas aetates gestarvm historias vel annales posteris reliquervnt.</subfield>
    </datafield>
    <datafield tag="752" ind1=" " ind2=" ">
      <subfield code="a">Germany</subfield>
      <subfield code="d">Frankfurt am Main,</subfield>
      <subfield code="e">publication place.</subfield>
      <subfield code="4">pup</subfield>
    </datafield>
  </record>